LEADER 02399oas 2200709 a 450 001 9910703115103321 005 20250716213021.0 011 $a2378-1238 035 $a(OCoLC)733273844 035 $a(CONSER) 2011230278 035 $a(CKB)3880000000004408 035 $a(EXLCZ)993880000000004408 100 $a20110628a20099999 ua a 101 0 $aeng 135 $aur||||||||||| 181 $ctxt$2rdacontent 182 $cc$2rdamedia 183 $acr$2rdacarrier 200 00$aDeveloping best postharvest handling practices to assure canker-free fruit exports ... annual report 210 $a[Washington, D.C.] $cU.S. Dept. of Agriculture, Agricultural Research Service 215 $cHTML files 531 0 $aDev. best postharvest handl. pract. assur. canker-free fruit export. annu. rep. 606 $aCitrus canker$vPeriodicals 606 $aXanthomonas campestris$vPeriodicals 606 $aCitrus fruits$xPostharvest technology$vPeriodicals 606 $aCitrus fruits$xMicrobiology$vPeriodicals 606 $aXanthomonas campestris$vPe?riodiques 606 $aAgrumes$xTechnologie apre?s re?colte$vPe?riodiques 606 $aAgrumes$xMicrobiologie$vPe?riodiques 606 $aCitrus canker$2fast$3(OCoLC)fst00861997 606 $aXanthomonas campestris$2fast$3(OCoLC)fst01181931 608 $aPeriodicals.$2fast 608 $aPeriodicals.$2lcgft 615 0$aCitrus canker 615 0$aXanthomonas campestris 615 0$aCitrus fruits$xPostharvest technology 615 0$aCitrus fruits$xMicrobiology 615 6$aXanthomonas campestris 615 6$aAgrumes$xTechnologie apre?s re?colte 615 6$aAgrumes$xMicrobiologie 615 7$aCitrus canker. 615 7$aXanthomonas campestris. 676 $a575.67 712 02$aQuality and Utilization of Agricultural Products National Program (U.S.) 712 02$aUnited States.$bAgricultural Research Service. 801 0$bGPO 801 1$bGPO 801 2$bOCLCQ 801 2$bDLC 801 2$bOCLCQ 801 2$bOCLCA 801 2$bOCLCF 801 2$bGILDS 801 2$bOCLCO 801 2$bOCLCQ 801 2$bDOS 801 2$bMLU 801 2$bOCLCL 906 $aJOURNAL 912 $a9910703115103321 996 $aDeveloping best postharvest handling practices to assure canker-free fruit exports ... annual report$93152151 997 $aUNINA